000 00817nam a2200241Ia 4500
003 GCL
008 140319s9999 xx 000 0 ara d
020 _a0196409960
040 _aGCL /
_cGCL
082 0 4 _a649.1
_bم ر
100 1 _aمحمد عيسى الموازن
245 1 0 _aالرعاية الصحية المنزلية للاطفال /
_cمحمد عيسى الموازن
250 _aالاولى
260 _aالرياض :
_bمكتبة العبيكان ،
_c2002
300 _a404 ص ؛
_c24 سم
650 0 4 _aالاطفال - نمو
650 0 4 _aالاطفال - الامراض
650 0 4 _aالاطفال - تغذية
650 0 4 _aالاطفال - العناية الصحية
650 0 4 _aالفطام
650 0 4 _aالاطفال الرضع - رعاية و علاج
942 _2ddc
_cBK
999 _c7159
_d7159